000
00232nam a2200097 a 4500
005
20140414132119.0
008
111125s19uu xx 00 eng d
050
_a
CD 423
_b
ST1 2010
245
_a
Classic Starfall.com.
999
_c
115020
_d
115020